Angelus / (Record no. 37935)

MARC details
000 -LEADER
campo de control de longitud fija 00431nam a2200157 i 4500
001 - NÚMERO DE CONTROL
campo de control 37935
003 - IDENTIFICADOR DE NÚMERO DE CONTROL
campo de control ES-MaACL
005 - FECHA Y HORA DE LA ÚLTIMA TRANSACCIÓN
campo de control 20230906155652.0
007 - CAMPO FIJO DE DESCRIPCIÓN FÍSICA--INFORMACIÓN GENERAL
campo de control de longitud fija t|
008 - DATOS DE LONGITUD FIJA--INFORMACIÓN GENERAL
campo de control de longitud fija 030224q19001999sp ||||1| spa d
100 1# - ENTRADA PRINCIPAL--NOMBRE DE PERSONA
Nombre de persona Burgos Jiménez, Alberto.
9 (RLIN) 32665
245 10 - MENCIÓN DEL TÍTULO
Título Angelus /
Mención de responsabilidad, etc. Alberto Burgos Jiménez.
260 ## - PUBLICACIÓN, DISTRIBUCIÓN, ETC.
Lugar de publicación, distribución, etc. Mérida :
Nombre del editor, distribuidor, etc. [s.n.,
Fecha de publicación, distribución, etc. 19--?] (
Fabricante Imp. Ateneo Peninsular)
300 ## - DESCRIPCIÓN FÍSICA
Extensión 108 p. ;
Dimensiones 18 cm.
852 ## - LOCALIZACIÓN
Ubicación ES-MaACL
Número de control de estantería C-3556
Holdings
Estatus retirado Estado de pérdida Estado de daño No para préstamo Colección Biblioteca de origen Biblioteca actual Ubicación en estantería Fecha de adquisición Fuente de adquisición Total de préstamos Signatura topográfica completa Código de barras Visto por última vez Precio de reemplazo Tipo de ítem Koha
        Libros del s. XIX Biblioteca del Ateneo de Madrid Biblioteca del Ateneo de Madrid Sala Palomar 17/01/2008     C-3556 1039940 23/02/2023 23/02/2023 Libro impreso antiguo